| 000 | 00434cam a2200169ua 4500 | ||
|---|---|---|---|
| 041 |
_aeng _h |
||
| 082 |
_a621.815 _bCAS/MA |
||
| 100 | _aCastle, Frank . | ||
| 245 |
_aManual of machin design and strengths of materials / _cFrank Castle. _hTextual Documents |
||
| 250 |
_a1 / _b. |
||
| 260 |
_aLondon : _bMcMillon & Co Ltd , _c1961. |
||
| 300 | _a355 ; . | ||
| 500 | _a3824 Ref | ||
| 504 | _a | ||
| 942 | _cBK | ||
| 999 |
_c5543 _d5543 |
||